Slovenský vidiek

Z obsahu: Najprv nápady, potom eurofondy. Peniaze a priority. Turistike prospieva spolupráca. Cestovný ruch a priemysel. Priemyselné parky môžu, no nemusia pomôcť.

Saved in:
Bibliographic Details
Main Author: Benka, Marián
Other Authors: Sobinkovič, Branislav
Format: Book Chapter
Language:Slovak
Subjects:
Tags: Add Tag
No Tags, Be the first to tag this record!

MARC

LEADER 00000naa$a2200000$$$4500
001 0046457
005 20231009084055.8
041 0 |a slo 
044 |a SK 
245 1 0 |a Slovenský vidiek  |c Marián Benka, Branislav Sobinkovič 
520 |a Z obsahu: Najprv nápady, potom eurofondy. Peniaze a priority. Turistike prospieva spolupráca. Cestovný ruch a priemysel. Priemyselné parky môžu, no nemusia pomôcť. 
610 2 0 |a vidiek 
610 2 0 |a rozvoj regionálny 
610 2 0 |a projekty 
610 2 0 |a pomoc finančná 
610 2 0 |a ruch cestovný 
610 2 0 |a turistika 
610 2 0 |a priemysel 
610 2 0 |a Slovensko 
610 2 0 |a Európska únia 
100 1 |a Benka, Marián 
700 1 |a Sobinkovič, Branislav